| 000 | 00700nam a2200169 a 4500 | ||
|---|---|---|---|
| 008 | 120416s1965 ||||||||||||||||| || u | ||
| 050 | _aHD 6490.G7 Sto | ||
| 100 | _aStone, Morris | ||
| 245 | 1 | 0 | _aLabour grievances and decisions |
| 260 |
_aNew York _bHarper and Row _c1965 |
||
| 300 | _axxvi, 198p. | ||
| 350 | _a0.00 | ||
| 650 | _aLABOUR | ||
| 650 | _aLABOUR GRIEVANCES | ||
| 995 |
_aMAIN LIBRARY OPEN ACCESS _D0.00 _e106289 _FCBU-MAIN LIBRARY (Kitwe) _H1 _I0.00 _jHD 6490.G7 Sto _M1 _UAVAILABLE _y004540 _ZMain Library Open Access Collection |
||
| 995 |
_aMAIN LIBRARY OPEN ACCESS _D0.00 _e106284 _FCBU-MAIN LIBRARY (Kitwe) _H2 _I0.00 _jHD 6490.G7 Sto _M2 _UAVAILABLE _y004541 _ZMain Library Open Access Collection |
||
| 999 |
_c80566 _d80566 |
||